000
00266nam a2200097Ia 4500
001
843463
005
20250826173242.0
008
250824s9999 xx 000 0 und d
245
0
_a
İBADETLERİMİ ÖĞRENİYORUM
_c
AYŞE ÖZTÜRK
260
_b
DİYANET İŞLERİ YAYINLARI
999
_c
843463
_d
843463